Realidad e imaginación

Shranjeno v:
Bibliografske podrobnosti
Glavni avtor: Marín Cañas, José
Format: Knjiga
Jezik:Undetermined
Izdano: San José, Costa Rica Editorial Hombre y Sociedad 1974
Teme:
Oznake: Označite
Brez oznak, prvi označite!

MARC

LEADER 00000nam a2200000Ia 4500
008 170316s9999 xx 000 0 und d
040 |a cru BVZT 
090 |a 868 M-4r 
100 |a Marín Cañas, José 
245 |a Realidad e imaginación 
260 |a San José, Costa Rica 
260 |b Editorial Hombre y Sociedad 
260 |c 1974 
300 |a 400 páginas 
650 |a LITERATURA COSTARRICENSE 
650 |a ENSAYO 
942 |c 15 D 
999 |c 11337  |d 11337